000 01096nam a2200265 i 4500
001 bg
100 1 _aGOODHEART, Berny.
245 1 0 _aSekrety magicznego ogrodu :
_bUNIX system V wersja 4 od środka : klucz do zadań /
_cBerny Goodheart, James Cox ; z ang. przeł. Aleksy Schubert.
246 _iTyt. oryg.:
_aMagic garden explained : the internals of UNIX system V release 4 : an open systems design
260 _aWarszawa :
_bWydawnictwa Naukowo-Techniczne,
_c2000.
300 _a279, [1] s. ;
_c24 cm.
500 _aTyt. oryg.: "Magic garden explained : the internals of UNIX system V release 4 : an open systems design" : solutions manual, 1995.
504 _aBibliogr.
700 1 _aCOX, James
_d(1961- ).
020 _a8320425840 (klucz do zadań)
020 _a8320425824 (całość)
040 _cBPK
041 1 _apl
_hen
080 _a004.451(07)
920 _a83-204-2584-0 (klucz do zadań)
920 _a83-204-2582-4 (całość)
942 _cKS
008 s pl f |000 0 pol
999 _c40417
_d40417
856 _uhttp://koha.tu.koszalin.pl/cgi-bin/koha/opac-detail.pl?biblionumber=40417
_yKatalog online BPK